| 000 | 00415nam a22001697a 4500 | ||
|---|---|---|---|
| 003 | OSt | ||
| 005 | 20140310181755.0 | ||
| 008 | 130629t xxu||||| |||| 00| 0 eng d | ||
| 050 |
_aPL 6058.45 _b.M239 |
||
| 082 |
_aFIL 899.211305 _bM29 200 |
||
| 245 | _aMalate / | ||
| 260 |
_aTaft Avenue, Manila : _bDe La Salle University, |
||
| 300 |
_a121 p. : _c22 cm. |
||
| 562 | _e1 | ||
| 942 |
_2lcc _cBK |
||
| 999 |
_c3387 _d3387 |
||